00257nam a2200085Ia 4500008004100000041000800041100002400049245006700073260003100140241105s9999 xx 000 0 und d aeng aChinnapattan Preeti aDigital Investigation In Reconstruction Of Temple Architecture bBNCA M Arch DA, Punec2017